Ancient and Early Literature and Books - Statistics

General Stats
  • This quiz has been taken 352 times
    96 since last reset
  • The average score is 13 of 22
Answer Stats
When Hint Answer % Correct
8th century BC One of two major epic poems attributed to Homer Iliad
99%
8th century BC One of two major epic poems attributed to Homer Odyssey
94%
700–1000 Old English epic poem written by anonymous author Beowulf
83%
5th century BC Chinese military treatise by Sun Tzu The Art of War
81%
6th century BC Greek collection including "The Tortoise and the Hare" Aesop's Fables
73%
2250–1700 BC Epic poem from Mesopotamia Epic of Gilgamesh
71%
1st century AD Roman poet who wrote Metamorphoses Ovid
65%
2nd–3rd century Sanskrit text on sexuality, eroticism and emotional fulfillment Kama Sutra
64%
6th century BC Lyric poet from the island of Lesbos Sappho
64%
4th century BC This Greek mathematician writes Elements Euclid
61%
29 and 19 BC Roman poet who wrote the epic Aeneid Virgil
60%
4th century BC Plato's best-known work: Socratic dialogue on justice and order Republic
58%
5th century BC Playwright of Oedipus Rex, Antigone, Electra Sophocles
57%
2nd century Stoic philosopher who wrote Meditations Marcus Aurelius
54%
1500 BC Egyptian funerary text Book of the Dead
50%
4th century This Christian theologian writes Confessions. Augustine of Hippo
46%
4th century BC This philosopher's sayings are compiled in The Analects. Confucius
40%
1500–900 BC Hindu texts including Rigveda, Yajurveda, and Samaveda Vedas
40%
5th century BC Playwright of The Frogs, The Birds, The Wasps Aristophanes
29%
9th century BC Chinese divination text Classic of Changes (I Ching)
27%
4th century BC Classic Chinese text written by Laozi Tao Te Ching
25%
385 BC Philosophical text by Plato: Contest of speeches at a banquet Symposium
20%
No matching quizzes found
Score Distribution
Percent of People with Each Score
Percentile by Number Answered
Your Score History
You have not taken this quiz since the last reset